000 00651nab a2200301Ia 4500
001 1436
008 191123s9999 xx 000 0 und d
041 _aspa
100 _aPerazzo, Nelly,
245 0 _aLas vanguardias del 40 en los 90
260 _c1993.
300 _app.30
650 _aARGENTINA
650 _aARTE CONCRETO
650 _aHLITO, ALFREDO
650 _aLOZZA, RAUL
650 _aMODERNISMO
650 _aVANGUARDIAS
902 _aS
903 _aa
904 _aas
907 _aImpreso
912 _a1993
920 _a10, n.45
942 _cANALITICA
999 _c12266
_d12266
490 0 _aCultura, Buenos Aires